El gran libro del microscopio: con links en internet
Uloženo v:
| Hlavní autor: | |
|---|---|
| Médium: | Kniha |
| Jazyk: | španělština |
| Vydáno: |
Londres
Usborne
2002
|
| Vydání: | 1a. ed |
| Témata: | |
| Tagy: |
Přidat tag
Žádné tagy, Buďte první, kdo vytvoří štítek k tomuto záznamu!
|
MARC
| LEADER | 00000nam a2200000 a 4500 | ||
|---|---|---|---|
| 001 | UCG3406 | ||
| 003 | CL-VaPUC | ||
| 008 | 100826e20020000UK |||||||||||||||||spa|d | ||
| 020 | |a 9780746086506 | ||
| 082 | 0 | 4 | |a 570 |b ROG |2 21 |
| 100 | 0 | |a Rogers, Kirsteen |e author |9 552524 | |
| 245 | 1 | 3 | |a El gran libro del microscopio: con links en internet |
| 250 | |a 1a. ed | ||
| 300 | |a 96 p | ||
| 942 | |c BK | ||
| 945 | |d 20100826 00:00:00 |a mfarfan | ||
| 260 | |a Londres |b Usborne |c 2002 | ||
| 650 | 7 | |a MICROSCOPIO |2 CL-VaPUC |9 343016 | |
| 650 | 0 | |a Células |9 269548 | |
| 650 | 0 | |a Bacterias |9 298237 | |
| 650 | 0 | |a Virus |9 316452 | |
| 650 | 0 | |a Algas (algae) |9 261246 | |
| 650 | 0 | |a Hongos |9 261629 | |
| 650 | 0 | |a Microorganismos |9 264259 | |
| 583 | |a last modification |c 20100826 00:00:00 |k Rodrigo Vera | ||
| 999 | |c 342474 |d 342472 | ||
| 952 | |0 0 |1 0 |4 0 |6 570_000000000000000_ROG_2002 |7 0 |8 C |9 438683 |a BIBCUR |b BIBCUR |d 2019-11-22 |i 4671333 |l 2 |o 570 ROG 2002 |p 4671333 |r 2025-04-22 |s 2023-08-29 |w 2019-11-22 |y BK |k EXP | ||